Faith and speculation. (Record no. 16574)
[ view plain ]
| 000 -LEADER | |
|---|---|
| fixed length control field | 00457nam a2200145 4500 |
| 008 - FIXED-LENGTH DATA ELEMENTS--GENERAL INFORMATION | |
| fixed length control field | 030813s1967 nyu 000 0 eng |
| 090 ## - LOCALLY ASSIGNED LC-TYPE CALL NUMBER (OCLC); LOCAL CALL NUMBER (OCLC) | |
| Classification number (OCLC) (R) ; Classification number, CALL (RLIN) (NR) | BT40 |
| Local cutter number (OCLC) ; Book number/undivided call number, CALL (RLIN) | F24f |
| 100 1# - MAIN ENTRY--PERSONAL NAME | |
| Personal name | Farrer, Austin Marsden. |
| 245 10 - TITLE STATEMENT | |
| Title | Faith and speculation. |
| 260 ## - PUBLICATION, DISTRIBUTION, ETC. (IMPRINT) | |
| Place of publication, distribution, etc | New York : |
| Name of publisher, distributor, etc | New York University Press, |
| Date of publication, distribution, etc | 1967. |
| 300 ## - PHYSICAL DESCRIPTION | |
| Extent | 175 p. |
| 490 1# - SERIES STATEMENT | |
| Series statement | The Deems lectures, |
| Volume number/sequential designation | 1964 |
| 650 #4 - SUBJECT ADDED ENTRY--TOPICAL TERM | |
| Topical term or geographic name as entry element | Philosophical theology. |
| 951 ## - EQUIVALENCE OR CROSS-REFERENCE-GEOGRAPHIC NAME/AREA NAME [OBSOLETE] [CAN/MARC only] | |
| General subdivision | 00007053 |
| 951 ## - EQUIVALENCE OR CROSS-REFERENCE-GEOGRAPHIC NAME/AREA NAME [OBSOLETE] [CAN/MARC only] | |
| -- | 19400 |
| -- | BT40/F24f |
| -- | 070613111304859 |
| -- | 2000-12-21 |
| -- | GC |
| Withdrawn status | Lost status | Damaged status | Not for loan | Home library | Current library | Shelving location | Date acquired | Accession number | Shelving control number | Total Checkouts | Full call number | Barcode | Date last seen | Price effective from | Koha item type |
|---|---|---|---|---|---|---|---|---|---|---|---|---|---|---|---|
| BSOP Library | BSOP Library | GC | 12/21/2000 | 19400 | 127 | BT40/F24f | 00007053 | 02/23/2013 | 02/23/2013 | Books |
